00663nam a22002177a 450000500170000001000130001702000220003003500130005203700160006504000120008108200130009310000190010624501230012526000440024827000410029230000330033349000290036665000160039565000160041170000180042720170124110114.0 aA-806187 c28.00a8123717393 aA-806187 bCen Lib/Ret aDPLbEN aFT-bELW aElwin, Verrier aWhen the world was young :cby Verrier Elwin; illustrated by Amina Jayal bfolk-tales from india's hills and forests / aNew Delhi bNational Book Trust c1995  bNew Delhi aA-5, Green Park e110016 axiii, 98p. :c17cm(Hb)bill. aFolklore of India Series aliterature  afolk-tales  aJayal, Amina